[Event "Mitropa Cup 22nd"]
[Site "Pula"]
[Date "2003.05.22"]
[Round "6"]
[White "Petrik, Tomas"]
[Black "Moor, Roger"]
[Result "1/2-1/2"]
[WhiteElo "2387"]
[BlackElo "2405"]
[PlyCount "78"]
[EventDate "2003.05.17"]
[EventType "team-tourn"]
[EventRounds "9"]
[EventCountry "CRO"]
[Source "ChessBase"]
[SourceDate "2003.07.09"]

1. e4 c5 2. Nf3 e6 3. d4 cxd4 4. Nxd4 a6 5. Bd3 Bc5 6. Nb3 Ba7 7. Qe2 Nc6 8.
Be3 Nge7 9. Bxa7 Rxa7 10. f4 Ng6 11. g3 O-O 12. e5 d6 13. exd6 Qxd6 14. Nc3 e5
15. f5 Nge7 16. Qf2 Nd5 17. Nxd5 Qxd5 18. O-O-O e4 19. Qg2 Bxf5 20. Rhe1 Raa8
21. Bxe4 Bxe4 22. Qxe4 Qh5 23. Qe2 Qf5 24. Nd4 Nxd4 25. Rxd4 Rac8 26. Qe4 Qb5
27. Qd5 Qb6 28. Qd6 Qa5 29. Re7 Qxa2 30. Qa3 Qxa3 31. bxa3 Rfe8 32. Rxb7 Re1+
33. Rd1 Re3 34. Rdd7 Rf3 35. Rbc7 Rf8 36. Rd3 Rf2 37. Rd2 Rf3 38. Rd3 Rf2 39.
Rd2 Rf3 1/2-1/2

[Event "Mitropa Cup 22nd"]
[Site "Pula"]
[Date "2003.05.22"]
[Round "6"]
[White "Schenk, Andreas"]
[Black "Scalcione, Michelangelo"]
[Result "1-0"]
[WhiteElo "2473"]
[BlackElo "2366"]
[PlyCount "73"]
[EventDate "2003.05.17"]
[EventType "team-tourn"]
[EventRounds "9"]
[EventCountry "CRO"]
[Source "ChessBase"]
[SourceDate "2003.07.09"]

1. d4 Nf6 2. c4 g6 3. Nc3 Bg7 4. e4 d6 5. Nf3 O-O 6. Be2 e5 7. O-O Nc6 8. d5
Ne7 9. b4 Nh5 10. Re1 a5 11. bxa5 Rxa5 12. a4 c5 13. Ra3 h6 14. Bd2 Ra6 15. g3
f5 16. exf5 gxf5 17. Nxe5 Nxg3 18. hxg3 dxe5 19. Be3 Ng6 20. Bxc5 e4 21. Bd4
Ne5 22. c5 Rg6 23. d6 Be6 24. Nd5 Bxd5 25. Bxe5 Bc6 26. Bxg7 Rxg7 27. Bb5 Qa5
28. Qb3+ Kh7 29. Qc3 Qd8 30. Bxc6 bxc6 31. Kg2 Rfg8 32. Qe5 Qd7 33. a5 Re8 34.
Qd4 Rg4 35. Rae3 f4 36. Rxe4 f3+ 37. Kh2 1-0

[Event "Mitropa Cup 22nd"]
[Site "Pula"]
[Date "2003.05.22"]
[Round "6"]
[White "Sebenik, Matej"]
[Black "Ragger, Markus"]
[Result "1-0"]
[WhiteElo "2423"]
[BlackElo "2280"]
[PlyCount "129"]
[EventDate "2003.05.17"]
[EventType "team-tourn"]
[EventRounds "9"]
[EventCountry "CRO"]
[Source "ChessBase"]
[SourceDate "2003.07.09"]

1. Nf3 Nf6 2. g3 d5 3. c4 c6 4. b3 Bg4 5. Bg2 Nbd7 6. Bb2 e6 7. O-O Bd6 8. d3
O-O 9. Nbd2 e5 10. a3 Re8 11. h3 Bh5 12. Nh4 e4 13. dxe4 dxe4 14. Nxe4 Nxe4 15.
Bxe4 Rxe4 16. Qxd6 Rxe2 17. Bxg7 Kxg7 18. Nf5+ Kh8 19. Rad1 Re6 20. Qxd7 Bxd1
21. Qxd1 Qf6 22. Qc2 Rd8 23. g4 Qe5 24. c5 Rd5 25. b4 Qe4 26. Qc3+ Qe5 27. Qc2
f6 28. Qc1 Rd8 29. Nd6 Re7 30. Qh6 Rg8 31. Qd2 f5 32. f3 b6 33. f4 Qe3+ 34.
Qxe3 Rxe3 35. Nxf5 Rxh3 36. g5 bxc5 37. bxc5 Rxa3 38. Kg2 Rc3 39. Ra1 Rd8 40.
Nd6 Rd7 41. Ra5 Rd3 42. Ra6 Rc7 43. Ra2 Rd5 44. Rb2 Rd7 45. Rb8+ Kg7 46. f5
R5xd6 47. cxd6 Rxd6 48. Rb7+ Kg8 49. Kf3 c5 50. Ke4 a5 51. Ra7 c4 52. Rxa5 Rc6
53. Ra8+ Kf7 54. Kd5 Rc7 55. Kd6 Rb7 56. Rc8 Rb5 57. Rc7+ Kf8 58. Ke6 Rb6+ 59.
Ke5 Rb5+ 60. Ke4 Rb4 61. f6 Kg8 62. Kf5 Rb1 63. Rxc4 Rf1+ 64. Ke5 Re1+ 65. Re4
1-0

[Event "Mitropa Cup 22nd"]
[Site "Pula"]
[Date "2003.05.22"]
[Round "6"]
[White "Sulava, Nenad"]
[Black "Anic, Darko"]
[Result "0-1"]
[WhiteElo "2516"]
[BlackElo "2455"]
[PlyCount "92"]
[EventDate "2003.05.17"]
[EventType "team-tourn"]
[EventRounds "9"]
[EventCountry "CRO"]
[Source "ChessBase"]
[SourceDate "2003.07.09"]

1. c4 Nf6 2. Nf3 e6 3. d4 d5 4. Nc3 Nbd7 5. Bg5 h6 6. Bh4 dxc4 7. e4 Be7 8. Bg3
a6 9. a4 Bb4 10. Qc2 c5 11. Rd1 cxd4 12. Nxd4 Qa5 13. Bxc4 Nc5 14. O-O Bxc3 15.
bxc3 Ncxe4 16. Bh4 Qxc3 17. Qa2 O-O 18. Rfe1 Qa5 19. Qa1 Bd7 20. f3 Ng5 21. Bb3
Rac8 22. Re3 Rfe8 23. Be1 Qc5 24. Bf2 e5 25. Ne2 Qc7 26. Bg3 Qc5 27. Bf2 Bc6
28. h3 Qb4 29. Be1 Qb6 30. Bf2 e4 31. f4 Ngh7 32. Qa2 Qc7 33. g4 Rcd8 34. Rc1
Rd3 35. Rc3 Red8 36. Bg3 Qd7 37. Kf2 Rxe3 38. Rxe3 Bd5 39. Nc3 Bxb3 40. Qxb3
Qc6 41. Ke2 Rd3 42. Qb4 Nf8 43. Bh4 Ne6 44. Bxf6 Nxf4+ 45. Kf2 Rxe3 46. Kxe3
Qxf6 0-1

[Event "Mitropa Cup 22nd"]
[Site "Pula"]
[Date "2003.05.22"]
[Round "6"]
[White "Wirig, Anthony"]
[Black "Brkic, Ante"]
[Result "1/2-1/2"]
[WhiteElo "2347"]
[BlackElo "2403"]
[PlyCount "87"]
[EventDate "2003.05.17"]
[EventType "team-tourn"]
[EventRounds "9"]
[EventCountry "CRO"]
[Source "ChessBase"]
[SourceDate "2003.07.09"]

1. c4 Nf6 2. g3 e5 3. Bg2 d5 4. cxd5 Nxd5 5. Nc3 Nb6 6. Nf3 Nc6 7. O-O Be7 8.
a4 a5 9. d3 O-O 10. Bd2 Be6 11. Nb5 f6 12. Rc1 Nd5 13. e4 Ndb4 14. d4 exd4 15.
Bxb4 Bxb4 16. Nfxd4 Nxd4 17. Nxd4 Ba2 18. Nf5 Qxd1 19. Rfxd1 c6 20. Rd7 Rf7 21.
Rcd1 Be6 22. R7d3 Rc7 23. Bh3 Kf7 24. Kg2 Re8 25. Rd8 Rc8 26. R8d7+ Bxd7 27.
Rxd7+ Kf8 28. Nxg7 Rxe4 29. Ne6+ Kg8 30. Bf5 Re5 31. Bxh7+ Kh8 32. Nf4 Rg5 33.
Ng6+ Rxg6 34. Bxg6 b5 35. Bf5 bxa4 36. Rf7 Rd8 37. h4 Rd2 38. h5 Bc5 39. Bg6
Rxf2+ 40. Kh3 Rxb2 41. h6 Rb8 42. Rh7+ Kg8 43. Rg7+ Kh8 44. Rh7+ 1/2-1/2

[Event "Mitropa Cup 22nd"]
[Site "Pula"]
[Date "2003.05.22"]
[Round "6"]
[White "Zelcic, Robert"]
[Black "Libiszewski, Fabien"]
[Result "1-0"]
[WhiteElo "2540"]
[BlackElo "2369"]
[PlyCount "59"]
[EventDate "2003.05.17"]
[EventType "team-tourn"]
[EventRounds "9"]
[EventCountry "CRO"]
[Source "ChessBase"]
[SourceDate "2003.07.09"]

1. e4 e6 2. d4 d5 3. Nc3 Nf6 4. e5 Nfd7 5. f4 c5 6. Nf3 Qb6 7. Be3 a6 8. a3 Qa7
9. Be2 Nc6 10. Bf2 cxd4 11. O-O b5 12. b4 Qc7 13. Nxd4 Nxd4 14. Bxd4 Bb7 15.
Bd3 g6 16. Qe1 Nb8 17. Qf2 Nc6 18. Bb6 Qc8 19. Ne2 Be7 20. Ng3 f6 21. exf6 Bxf6
22. Bc5 Qd7 23. Rae1 O-O-O 24. f5 Be5 25. fxe6 Qxe6 26. Nf5 Kb8 27. Nh6 Qc8 28.
Qh4 Bc3 29. Re2 Ne5 30. Qg3 1-0

[Event "Mitropa Cup 22nd"]
[Site "Pula"]
[Date "2003.05.22"]
[Round "6"]
[White "Zueger, Beat"]
[Black "Tibensky, Robert"]
[Result "1-0"]
[WhiteElo "2448"]
[BlackElo "2438"]
[PlyCount "93"]
[EventDate "2003.05.17"]
[EventType "team-tourn"]
[EventRounds "9"]
[EventCountry "CRO"]
[Source "ChessBase"]
[SourceDate "2003.07.09"]

1. g3 g6 2. Bg2 Bg7 3. c4 c5 4. e3 Nc6 5. Ne2 h5 6. Nbc3 Nh6 7. b3 Nf5 8. Bb2
a6 9. d3 d6 10. Qd2 Rb8 11. Nd5 e5 12. b4 Nxb4 13. Nxb4 cxb4 14. Qxb4 O-O 15.
a4 Bd7 16. e4 Bc6 17. O-O a5 18. Qb3 Nh6 19. d4 exd4 20. Bxd4 Re8 21. Bxg7 Kxg7
22. Nc3 h4 23. Rad1 hxg3 24. hxg3 Qg5 25. Nd5 Ng4 26. Rfe1 Rh8 27. f3 Nh2 28.
Qc3+ Kg8 29. Nf6+ Kf8 30. Nd7+ Kg8 31. Nxb8 Qxg3 32. Nxc6 bxc6 33. Rb1 d5 34.
cxd5 Ng4 35. Qxh8+ Kxh8 36. fxg4 cxd5 37. exd5 Qxg4 38. Rbd1 Qc4 39. d6 Qc5+
40. Kh1 Qh5+ 41. Kg1 Qc5+ 42. Kf1 Qf5+ 43. Ke2 Qe5+ 44. Kf2 Qc5+ 45. Kg3 Qg5+
46. Kh2 Qh5+ 47. Bh3 1-0

[Event "Mitropa Cup 22nd"]
[Site "Pula"]
[Date "2003.05.23"]
[Round "7"]
[White "Balinov, Ilija"]
[Black "Manik, Mikulas"]
[Result "1/2-1/2"]
[WhiteElo "2446"]
[BlackElo "2465"]
[PlyCount "70"]
[EventDate "2003.05.17"]
[EventType "team-tourn"]
[EventRounds "9"]
[EventCountry "CRO"]
[Source "ChessBase"]
[SourceDate "2003.07.09"]

1. c4 Nf6 2. Nc3 g6 3. g3 Bg7 4. Bg2 O-O 5. Nf3 d6 6. O-O Nc6 7. Rb1 e5 8. b4
a6 9. a4 Re8 10. d3 e4 11. dxe4 Nxe4 12. Nxe4 Rxe4 13. b5 axb5 14. axb5 Nd4 15.
Nxd4 Rxd4 16. Qb3 Be6 17. Bd5 Bxd5 18. cxd5 Raa4 19. b6 h5 20. Be3 Rdc4 21.
Rfc1 Rxc1+ 22. Rxc1 Ra1 23. Rxa1 Bxa1 24. Qa3 Be5 25. Bg5 Qb8 26. Be3 cxb6 27.
f4 Bg7 28. Bxb6 Qe8 29. Qxd6 Qxe2 30. Qd8+ Kh7 31. Bc7 b5 32. Bd6 Qd1+ 33. Kf2
Qd4+ 34. Kf1 Qd3+ 35. Kf2 Qd2+ 1/2-1/2

[Event "Mitropa Cup 22nd"]
[Site "Pula"]
[Date "2003.05.23"]
[Round "7"]
[White "Banas, Jan"]
[Black "Fuchs, Georg"]
[Result "1-0"]
[WhiteElo "2383"]
[BlackElo "2244"]
[PlyCount "109"]
[EventDate "2003.05.17"]
[EventType "team-tourn"]
[EventRounds "9"]
[EventCountry "CRO"]
[Source "ChessBase"]
[SourceDate "2003.07.09"]

1. c4 e5 2. Nc3 Nf6 3. Nf3 Nc6 4. e3 Be7 5. d4 d6 6. d5 Nb8 7. e4 O-O 8. Be2
Ne8 9. O-O f5 10. Nd2 f4 11. Bg4 g5 12. Rb1 Ng7 13. Bxc8 Qxc8 14. f3 Rf6 15. b4
h5 16. Nb3 Nd7 17. Rb2 Rg6 18. Rc2 g4 19. Qd3 Nf8 20. c5 Nh7 21. cxd6 Bxd6 22.
Nb5 Ng5 23. Nxd6 Rxd6 24. fxg4 Qxg4 25. Nd2 Rg6 26. Nf3 Nf7 27. Rff2 c6 28. Qb3
cxd5 29. Qxd5 Rd8 30. Qxf7+ Kxf7 31. Nxe5+ Ke8 32. Nxg4 Rxg4 33. h3 Rh4 34.
Bxf4 Ne6 35. g3 Nxf4 36. Rxf4 Rxf4 37. gxf4 Rd4 38. Re2 Rxb4 39. Kg2 Ra4 40.
Kg3 Kf7 41. f5 Ra3+ 42. Kh4 Rf3 43. Kxh5 Rxh3+ 44. Kg4 Rh1 45. Kf4 Kf6 46. e5+
Ke7 47. e6 Rf1+ 48. Ke5 b5 49. Rh2 Re1+ 50. Kd5 Rd1+ 51. Kc5 Rf1 52. Rh7+ Ke8
53. Kd6 Rd1+ 54. Ke5 Re1+ 55. Kf6 1-0

[Event "Mitropa Cup 22nd"]
[Site "Pula"]
[Date "2003.05.23"]
[Round "7"]
[White "Brkic, Ante"]
[Black "Schenk, Andreas"]
[Result "1/2-1/2"]
[WhiteElo "2403"]
[BlackElo "2473"]
[PlyCount "71"]
[EventDate "2003.05.17"]
[EventType "team-tourn"]
[EventRounds "9"]
[EventCountry "CRO"]
[Source "ChessBase"]
[SourceDate "2003.07.09"]

1. e4 e6 2. d4 d5 3. Nc3 Nf6 4. Bg5 dxe4 5. Nxe4 Nbd7 6. Nf3 Be7 7. Nxf6+ Bxf6
8. h4 O-O 9. Bd3 c5 10. Qe2 cxd4 11. Qe4 Qa5+ 12. b4 Qf5 13. Qxf5 exf5 14. Bxf6
Nxf6 15. Nxd4 Rd8 16. Nb3 Nd5 17. a3 Nf4 18. O-O-O Be6 19. Nc5 Rac8 20. g3
Nxd3+ 21. Rxd3 Rxd3 22. Nxd3 Kf8 23. Re1 Ke7 24. Re3 h6 25. f4 Kd6 26. Kd2 b6
27. Ne5 Bd5 28. Rc3 Rf8 29. Rd3 Ke6 30. c4 Be4 31. Rd4 Rc8 32. Nd3 f6 33. Nf2
Bb7 34. Nd3 Be4 35. Nf2 Bb7 36. Nd3 1/2-1/2

[Event "Mitropa Cup 22nd"]
[Site "Pula"]
[Date "2003.05.23"]
[Round "7"]
[White "Buhmann, Rainer"]
[Black "Cvitan, Ognjen"]
[Result "1/2-1/2"]
[WhiteElo "2526"]
[BlackElo "2551"]
[PlyCount "39"]
[EventDate "2003.05.17"]
[EventType "team-tourn"]
[EventRounds "9"]
[EventCountry "CRO"]
[Source "ChessBase"]
[SourceDate "2003.07.09"]

1. d4 Nf6 2. c4 e6 3. Nf3 b6 4. Nc3 Bb7 5. a3 d5 6. cxd5 Nxd5 7. Qa4+ Nd7 8.
Nxd5 Bxd5 9. Bg5 Be7 10. Bxe7 Qxe7 11. Rc1 O-O 12. e3 c5 13. Bb5 Nf6 14. dxc5
bxc5 15. O-O Rab8 16. Qa5 Ne4 17. Rc2 Bb3 18. Rcc1 Bd5 19. Rc2 Bb3 20. Rcc1
1/2-1/2

[Event "Mitropa Cup 22nd"]
[Site "Pula"]
[Date "2003.05.23"]
[Round "7"]
[White "Doettling, Fabian"]
[Black "Stevic, Hrvoje"]
[Result "1/2-1/2"]
[WhiteElo "2520"]
[BlackElo "2550"]
[PlyCount "97"]
[EventDate "2003.05.17"]
[EventType "team-tourn"]
[EventRounds "9"]
[EventCountry "CRO"]
[Source "ChessBase"]
[SourceDate "2003.07.09"]

1. d4 d5 2. c4 dxc4 3. Nf3 Nf6 4. e3 e6 5. Bxc4 c5 6. O-O a6 7. dxc5 Qxd1 8.
Rxd1 Bxc5 9. Nbd2 O-O 10. Be2 Rd8 11. Ne5 Be7 12. Bf3 Nd5 13. Ndc4 Nd7 14. Nxd7
Bxd7 15. Bxd5 exd5 16. Nb6 Rab8 17. Nxd5 Bc5 18. e4 Bg4 19. Re1 f5 20. Bf4 Rbc8
21. Bg5 Rd7 22. Rac1 Rc6 23. h3 fxe4 24. Nc3 Be6 25. Nxe4 Bb4 26. Rxc6 bxc6 27.
Ra1 Bd5 28. a3 Bf8 29. Nc3 Bb3 30. Re1 h6 31. Be3 Be7 32. Ne4 Bc2 33. Bb6 Kf7
34. Ba5 g6 35. Bc3 Rd1 36. Rxd1 Bxd1 37. f3 Ke6 38. Bb4 Bd8 39. Nc5+ Kd5 40.
Nxa6 Be2 41. Nb8 c5 42. Bd2 Bb5 43. b3 c4 44. bxc4+ Kxc4 45. Bf4 Be7 46. a4
Bxa4 47. Na6 Bd8 48. Nc7 Bxc7 49. Bxc7 1/2-1/2

[Event "Mitropa Cup 22nd"]
[Site "Pula"]
[Date "2003.05.23"]
[Round "7"]
[White "Erdos, Viktor"]
[Black "Loetscher, Roland"]
[Result "1/2-1/2"]
[WhiteElo "2425"]
[BlackElo "2378"]
[PlyCount "79"]
[EventDate "2003.05.17"]
[EventType "team-tourn"]
[EventRounds "9"]
[EventCountry "CRO"]
[Source "ChessBase"]
[SourceDate "2003.07.09"]

1. d4 Nf6 2. c4 c5 3. d5 e6 4. Nc3 exd5 5. cxd5 d6 6. e4 g6 7. f3 Bg7 8. Bg5
O-O 9. Qd2 a6 10. a4 h6 11. Be3 Re8 12. Nge2 Nbd7 13. Nc1 Ne5 14. Be2 Nh7 15.
O-O h5 16. Rb1 f5 17. b4 b6 18. N1a2 Bd7 19. a5 cxb4 20. Nxb4 b5 21. Bb6 Qf6
22. Rbc1 f4 23. Nca2 Ng5 24. Nc6 Ngf7 25. Nab4 g5 26. Nxe5 Nxe5 27. Rc7 Rec8
28. Rfc1 Rf8 29. Nc6 Rf7 30. Nxe5 Qxe5 31. Qb4 g4 32. Rd1 Qb2 33. Qxb2 Bxb2 34.
Rc2 Be5 35. Bf2 Kg7 36. Be1 Kf6 37. Bh4+ Kg6 38. Be1 Kg5 39. Rdc1 Rff8 40. Rc7
1/2-1/2

[Event "Mitropa Cup 22nd"]
[Site "Pula"]
[Date "2003.05.23"]
[Round "7"]
[White "Flumbort, Andras"]
[Black "Zueger, Beat"]
[Result "1-0"]
[WhiteElo "2439"]
[BlackElo "2448"]
[PlyCount "67"]
[EventDate "2003.05.17"]
[EventType "team-tourn"]
[EventRounds "9"]
[EventCountry "CRO"]
[Source "ChessBase"]
[SourceDate "2003.07.09"]

1. Nf3 Nf6 2. c4 g6 3. Nc3 Bg7 4. e4 d6 5. d4 Bg4 6. Be2 O-O 7. Be3 Nfd7 8. Qb3
b6 9. Rd1 c5 10. d5 a6 11. a4 Qc7 12. h3 Bxf3 13. Bxf3 e5 14. g4 Kh8 15. h4 f5
16. gxf5 gxf5 17. exf5 Nf6 18. h5 h6 19. Rg1 Nbd7 20. Rg6 Kh7 21. Ke2 e4 22.
Nxe4 Ne5 23. Rg3 b5 24. Rdg1 Bh8 25. Rg6 Nxg6 26. hxg6+ Kg7 27. Qc3 b4 28. Qc1
Kg8 29. g7 Bxg7 30. Bxh6 Nxe4 31. Rxg7+ Qxg7 32. Bxg7 Rfe8 33. Bxe4 Rxe4+ 34.
Kf3 1-0

[Event "Mitropa Cup 22nd"]
[Site "Pula"]
[Date "2003.05.23"]
[Round "7"]
[White "Gallagher, Joseph G"]
[Black "Varga, Peter"]
[Result "0-1"]
[WhiteElo "2515"]
[BlackElo "2486"]
[PlyCount "64"]
[EventDate "2003.05.17"]
[EventType "team-tourn"]
[EventRounds "9"]
[EventCountry "CRO"]
[Source "ChessBase"]
[SourceDate "2003.07.09"]

1. e4 e6 2. d4 d5 3. Nc3 dxe4 4. Nxe4 Nd7 5. Nf3 Ngf6 6. Nxf6+ Nxf6 7. c3 Be7
8. Bd3 O-O 9. Qe2 b6 10. O-O Bb7 11. Bf4 c5 12. dxc5 bxc5 13. Rfd1 Qb6 14. Ne5
Bd5 15. c4 Bb7 16. Bd2 Rfd8 17. Bc3 Rd6 18. Qe3 a5 19. Bc2 Rxd1+ 20. Rxd1 Qc7
21. Re1 Bf8 22. Qh3 h6 23. f4 Rd8 24. g4 Nd7 25. g5 Nxe5 26. Bxe5 Qc6 27. Be4
Qd7 28. Bxb7 Qxb7 29. gxh6 gxh6 30. Qh4 Rd2 31. Qg4+ Kh7 32. Rd1 f5 0-1

[Event "Mitropa Cup 22nd"]
[Site "Pula"]
[Date "2003.05.23"]
[Round "7"]
[White "Libiszewski, Fabien"]
[Black "Pavasovic, Dusko"]
[Result "0-1"]
[WhiteElo "2369"]
[BlackElo "2584"]
[PlyCount "111"]
[EventDate "2003.05.17"]
[EventType "team-tourn"]
[EventRounds "9"]
[EventCountry "CRO"]
[Source "ChessBase"]
[SourceDate "2003.07.09"]

1. e4 c5 2. Nf3 Nc6 3. Bb5 g6 4. Bxc6 bxc6 5. O-O Bg7 6. Re1 Nh6 7. c3 O-O 8.
d4 Qb6 9. h3 d6 10. b3 f6 11. Be3 cxd4 12. cxd4 Bd7 13. Nc3 Qa5 14. Qd2 Qh5 15.
Ne2 g5 16. Ng3 Qg6 17. h4 Ng4 18. hxg5 Nxe3 19. Qxe3 fxg5 20. e5 Bh6 21. e6 Be8
22. Qe2 Qf6 23. Ne4 Qf4 24. Nh2 Bg7 25. g3 Qf5 26. Rad1 h6 27. Qd2 Bh5 28. Rc1
Qd5 29. Rc4 Rac8 30. Nc3 Qf5 31. Re3 Bg6 32. Ra4 g4 33. Nd1 h5 34. Re1 Ra8 35.
Ne3 Qg5 36. Nhf1 Bh6 37. Ra5 Qf6 38. d5 c5 39. Ra4 Qg7 40. Qe2 Qh7 41. Rd1 Bg5
42. Nh2 Rf6 43. f4 gxf3 44. Nxf3 Bh6 45. g4 Raf8 46. Nh4 Be8 47. Rxa7 Qe4 48.
Nhg2 Rf3 49. Re1 Bxe3+ 50. Nxe3 Rg3+ 51. Kh2 Rff3 52. Rxe7 Rh3+ 53. Kg1 Rh1+
54. Kxh1 Rf1+ 55. Kh2 Qh1+ 56. Kg3 0-1

[Event "Mitropa Cup 22nd"]
[Site "Pula"]
[Date "2003.05.23"]
[Round "7"]
[White "Moor, Roger"]
[Black "Balogh, Csaba"]
[Result "0-1"]
[WhiteElo "2405"]
[BlackElo "2471"]
[PlyCount "68"]
[EventDate "2003.05.17"]
[EventType "team-tourn"]
[EventRounds "9"]
[EventCountry "CRO"]
[Source "ChessBase"]
[SourceDate "2003.07.09"]

1. c4 e6 2. g3 Nf6 3. Bg2 d5 4. cxd5 exd5 5. Nf3 Be7 6. O-O O-O 7. d3 c5 8. d4
Nc6 9. Nc3 Re8 10. b3 Ne4 11. Bb2 Bf6 12. Na4 b6 13. Rc1 Ba6 14. Re1 Rc8 15.
Bh3 Rb8 16. Bf1 c4 17. Ba3 b5 18. Nc5 Qa5 19. Nxa6 Qxa6 20. Bc5 Qxa2 21. bxc4
dxc4 22. Ra1 Qb3 23. Qxb3 cxb3 24. Ra6 Rec8 25. Rb1 Nxc5 26. dxc5 b2 27. e3 Rc7
28. Kg2 Nb4 29. Ra5 Rxc5 30. Nd4 Nc6 31. Nxc6 Rxc6 32. Rxa7 Rc1 33. Bd3 Rd8 34.
Be4 g6 0-1

[Event "Mitropa Cup 22nd"]
[Site "Pula"]
[Date "2003.05.23"]
[Round "7"]
[White "Navara, David"]
[Black "Arlandi, Ennio"]
[Result "1/2-1/2"]
[WhiteElo "2576"]
[BlackElo "2456"]
[PlyCount "145"]
[EventDate "2003.05.17"]
[EventType "team-tourn"]
[EventRounds "9"]
[EventCountry "CRO"]
[Source "ChessBase"]
[SourceDate "2003.07.09"]

1. e4 c5 2. Nf3 e6 3. d4 cxd4 4. Nxd4 Nf6 5. Nc3 d6 6. Be2 Be7 7. O-O a6 8. a4
Nc6 9. Be3 O-O 10. f4 Qc7 11. Kh1 Re8 12. Bf3 Rb8 13. g4 Bf8 14. g5 Nd7 15. Bg2
b6 16. Qh5 g6 17. Qh4 Bb7 18. Nde2 Bg7 19. Rad1 Ba8 20. f5 exf5 21. exf5 Ne7
22. fxg6 Bxg2+ 23. Kxg2 fxg6 24. Ng3 Qc6+ 25. Kg1 Bxc3 26. bxc3 Nd5 27. Bd4 Ne3
28. Bxe3 Rxe3 29. Qf4 Re5 30. Qd4 Rxg5 31. Qxd6 Qxd6 32. Rxd6 Nc5 33. Rf4 Re5
34. Kf2 Kg7 35. h4 a5 36. h5 gxh5 37. Kg2 Rf8 38. Rxf8 Kxf8 39. Rxb6 h4 40. Nf1
Nxa4 41. Rh6 Nxc3 42. Rxh7 a4 43. Rc7 Nb5 44. Rc8+ Ke7 45. Kh3 Re2 46. Kxh4 a3
47. Ra8 Rxc2 48. Ne3 Rc1 49. Ra5 Rc5 50. Ra4 Rc1 51. Kg5 Kd7 52. Nc4 Rc3 53.
Kf4 Kc6 54. Nxa3 Nxa3 55. Ra8 Nc4 56. Ke4 Nd6+ 57. Kd4 Rh3 58. Ra6+ Kd7 59. Ra1
Rh2 60. Rd1 Re2 61. Rd3 Re1 62. Rh3 Nf5+ 63. Kd5 Ne7+ 64. Kd4 Re6 65. Rd3 Kc6
66. Rc3+ Kd6 67. Rd3 Nf5+ 68. Kc4+ Kc6 69. Rf3 Re4+ 70. Kd3 Nd6 71. Re3 Ra4 72.
Re5 Ra1 73. Rh5 1/2-1/2

[Event "Mitropa Cup 22nd"]
[Site "Pula"]
[Date "2003.05.23"]
[Round "7"]
[White "Ragger, Markus"]
[Black "Petrik, Tomas"]
[Result "1-0"]
[WhiteElo "2280"]
[BlackElo "2387"]
[PlyCount "99"]
[EventDate "2003.05.17"]
[EventType "team-tourn"]
[EventRounds "9"]
[EventCountry "CRO"]
[Source "ChessBase"]
[SourceDate "2003.07.09"]

1. e4 e6 2. d4 d5 3. Nc3 Bb4 4. exd5 exd5 5. Bd3 Nf6 6. Nge2 c6 7. O-O Nbd7 8.
Ng3 O-O 9. Qf3 Re8 10. h3 Nf8 11. Bg5 Be7 12. Nf5 Bxf5 13. Qxf5 g6 14. Qf3 Ne6
15. Be3 c5 16. Nb1 cxd4 17. Bh6 Qb6 18. Nd2 Qc6 19. Rfe1 Nd7 20. Nb3 Ndc5 21.
Bf1 Ne4 22. Bd3 N4c5 23. Nxc5 Nxc5 24. Bb5 Qxb5 25. Rxe7 Rxe7 26. Qf6 Ne6 27.
Qxe7 Qe8 28. Qxb7 Rb8 29. Qxa7 Rxb2 30. Re1 Qb8 31. Qxb8+ Rxb8 32. a4 Ra8 33.
Ra1 g5 34. f4 gxf4 35. a5 f6 36. Kf2 Kf7 37. Kf3 Rc8 38. a6 Rc3+ 39. Kg4 Rxc2
40. a7 Nc7 41. Bxf4 Na8 42. Rb1 Ra2 43. Bb8 Rxg2+ 44. Kf5 Rf2+ 45. Bf4 Ra2 46.
Rb7+ Ke8 47. Rb8+ Kd7 48. Rxa8 d3 49. Rh8 Kc6 50. a8=Q+ 1-0

[Event "Mitropa Cup 22nd"]
[Site "Pula"]
[Date "2003.05.23"]
[Round "7"]
[White "Scalcione, Michelangelo"]
[Black "Laznicka, Viktor"]
[Result "1-0"]
[WhiteElo "2366"]
[BlackElo "2438"]
[PlyCount "67"]
[EventDate "2003.05.17"]
[EventType "team-tourn"]
[EventRounds "9"]
[EventCountry "CRO"]
[Source "ChessBase"]
[SourceDate "2003.07.09"]

1. Nf3 Nf6 2. c4 e6 3. Nc3 d5 4. d4 Nbd7 5. Bg5 c6 6. e3 Qa5 7. cxd5 Nxd5 8.
Qd2 Bb4 9. Rc1 O-O 10. a3 Bxc3 11. bxc3 h6 12. Bh4 c5 13. e4 N5f6 14. Bd3 Re8
15. O-O b6 16. Qe2 Bb7 17. Nd2 cxd4 18. cxd4 Qh5 19. Qxh5 Nxh5 20. Rc7 Bc8 21.
f4 Nxf4 22. Rxf4 g5 23. Rf3 gxh4 24. Nc4 Rd8 25. Nd6 Nf8 26. e5 f5 27. Bc4 a6
28. Rxf5 Bd7 29. Rf4 Be8 30. Rg4+ Kh8 31. Nxe8 Rxe8 32. Bd3 h5 33. Rg5 Red8 34.
Rcg7 1-0

[Event "Mitropa Cup 22nd"]
[Site "Pula"]
[Date "2003.05.23"]
[Round "7"]
[White "Simacek, Pavel"]
[Black "Borgo, Giulio"]
[Result "1-0"]
[WhiteElo "2417"]
[BlackElo "2425"]
[PlyCount "75"]
[EventDate "2003.05.17"]
[EventType "team-tourn"]
[EventRounds "9"]
[EventCountry "CRO"]
[Source "ChessBase"]
[SourceDate "2003.07.09"]

1. e4 c5 2. Nf3 e6 3. d4 cxd4 4. Nxd4 a6 5. Nc3 Ne7 6. g3 Nbc6 7. Nb3 d6 8. Bg2
Bd7 9. O-O Nc8 10. a4 Be7 11. Qe2 O-O 12. Be3 Qc7 13. f4 Rb8 14. Rfd1 Bf6 15.
a5 Nb4 16. e5 Be7 17. exd6 Nxd6 18. Bb6 Qc8 19. Rd2 Bc6 20. Bh3 Re8 21. Rad1
Nf5 22. Qf2 h6 23. Nc5 Ra8 24. Bxf5 exf5 25. Qd4 Bf3 26. Qxb4 Bxd1 27. Rxd1 Qc6
28. Nd5 Bf8 29. Qc4 Re4 30. Qc3 Re2 31. b4 Rae8 32. Qd3 h5 33. Qxf5 h4 34. Nd7
hxg3 35. N7f6+ gxf6 36. Nxf6+ Kg7 37. Qg5+ Kh8 38. Qg8# 1-0

[Event "Mitropa Cup 22nd"]
[Site "Pula"]
[Date "2003.05.23"]
[Round "7"]
[White "Tibensky, Robert"]
[Black "Kuba, Guenter"]
[Result "0-1"]
[WhiteElo "2438"]
[BlackElo "2307"]
[PlyCount "72"]
[EventDate "2003.05.17"]
[EventType "team-tourn"]
[EventRounds "9"]
[EventCountry "CRO"]
[Source "ChessBase"]
[SourceDate "2003.07.09"]

1. d4 d5 2. c4 Nc6 3. e3 e5 4. cxd5 Qxd5 5. Nc3 Bb4 6. Bd2 Bxc3 7. bxc3 Nf6 8.
c4 Qd6 9. d5 Ne7 10. Rb1 a5 11. f3 e4 12. Qc2 O-O 13. Rb3 Bf5 14. Qc3 c6 15.
Rxb7 Rab8 16. c5 Qxd5 17. Bc4 Rxb7 18. Bxd5 Nexd5 19. Qe5 Rb1+ 20. Kf2 Bg6 21.
h4 Re8 22. Qd4 exf3 23. gxf3 Ne4+ 24. fxe4 Rxe4 25. Ne2 Rxh1 26. Qb2 h6 27. Ng3
Rh2+ 28. Kg1 Rexh4 29. Qb8+ Kh7 30. Nf1 Rh1+ 31. Kf2 Nf6 32. Bxa5 Bd3 33. Ng3
Ne4+ 34. Nxe4 Bxe4 35. Bc7 Rb1 36. Qe8 f5 0-1